000 00760cam a2200205 i 4500
005 20251108174939.0
008 250721s2006 sy gr 000 0 ara d
082 1 4 _a152.41
_bر ي و
100 1 _aريوريكوف، يوري
_eمؤلف.
245 1 2 _aالحب و الأسرة عبر العصور /
_cالدكتور يوري ريوريكوف ؛ تعريب د نزار عيون السو.
250 _aالطبعة الاولى.
264 1 _aدمشق :
_bدار كنعان للنشروالتوزيع،
_c2006.
300 _a215 صفحة.
650 1 7 _aالحب(عواطف).
650 1 7 _aالعواطف.
650 1 7 _aالاسرة.
700 1 _aالسود، نزار عيون
_eمترجم.
942 _2ddc
_cBK
999 _c122242
_d122242